| 000 | 00688nam a2200181Ia 4500 | ||
|---|---|---|---|
| 008 | 151202s9999||||xx |||||||||||||| ||und|| | ||
| 082 | _bPNVM-76339 | ||
| 100 | _aमहर्षी दयानंद सरस्वती. | ||
| 245 | _aसत्यार्थप्रकाश. | ||
| 260 | _b"आर्यसमाज.पिंपरी,पुणे." | ||
| 260 | _c1990 | ||
| 300 | _a616 | ||
| 600 | _aमहर्षी दयानंद सरस्वती. | ||
| 630 | _aसत्यार्थप्रकाश. | ||
| 700 | _aमहर्षी दयानंद सरस्वती. | ||
| 730 | _aसत्यार्थप्रकाश. | ||
| 942 | _cBOOK | ||
| 999 |
_c1342998 _d1342995 |
||